[Event "Bayern-chB 80th"]
[Site "Immenstadt"]
[Date "2009.08.28"]
[Round "7"]
[White "Oertel, Juergen"]
[Black "Thonig, Manfred"]
[Result "1-0"]
[WhiteElo "1372"]
[BlackElo "1544"]
[PlyCount "82"]
[EventDate "2009.08.22"]
[EventType "swiss"]
[EventRounds "9"]
[EventCountry "GER"]
[SourceTitle "EXT 2015"]
[Source "ChessBase"]
[SourceDate "2014.11.20"]
[SourceVersion "1"]
[SourceVersionDate "2014.11.20"]
[SourceQuality "1"]

1. d4 e6 2. c4 f5 3. Nc3 Nf6 4. Nf3 Bb4 5. a3 Be7 6. Bf4 d6 7. e3 Ne4 8. Be2 Nd7 9. Bg3 0-0 10. Nd2 Ndf6 11. Ndxe4 Nxe4 12. Nxe4 fxe4 13. Bg4 Bg5 14. 0-0 Qf6 15. Qc2 Qg6 16. Qe2 a6 17. h4 Bf6 18. Bh5 Qh6 19. Bf4 g5 20. hxg5 Bxg5 21. Qg4 Rf5 22. Qh3 Bxf4 23. Bg4 Qxh3 24. Bxh3 Rf6 25. exf4 Rxf4 26. Rfe1 e5 27. Bxc8 Rxc8 28. dxe5 dxe5 29. Re2 Rcf8 30. b3 Rg4 31. Rae1 Rff4 32. g3 h5 33. Kg2 h4 34. Kh3 hxg3 35. fxg3 Rxg3+ 36. Kxg3 Rf3+ 37. Kg4 Rxb3 38. Re3 Rb2 39. Rxe4 Rc2 40. Kf5 Rf2+ 41. Kxe5 Kf7 1-0